000 00447nam a22001817a 4500
003 MPLRDC
005 20220104192808.0
008 210129b ||||| |||| 00| 0 eng d
020 _a978-986-6348-75-4
082 _a426.79 XB
100 _a小白 (MASAESHIRO)
245 _a25款预约幸福的手作
_c
250 _a初版三刷
260 _a台湾
_b悦知文化
_c2012
300 _b
650 _a手工艺
942 _cBK
_o426.79 XB
999 _c64885
_d64875